Oracle: Advanced information systems, Inc (Record no. 9769)

000 -LEADER
fixed length control field 00359 a2200121 4500
040 ## - CATALOGING SOURCE
Original cataloging agency DLC
Language of cataloging DLC
245 ## - TITLE STATEMENT
Title Oracle: Advanced information systems, Inc
Statement of responsibility, etc. Advanced information systems, Inc
250 ## - EDITION STATEMENT
Edition statement 2nd ed.
260 ## - PUBLICATION, DISTRIBUTION, ETC.
Place of publication, distribution, etc. New Delhi:
Name of publisher, distributor, etc. Techmedia,
Date of publication, distribution, etc. 1997.
300 ## - PHYSICAL DESCRIPTION
Extent xlvii, 1431 p. :
Other physical details ill. ;
Dimensions 24 cm.
500 ## - GENERAL NOTE
General note Includes index
942 ## - ADDED ENTRY ELEMENTS (KOHA)
Koha item type Book
Call number prefix 005.7585 ORA
Source of classification or shelving scheme
Holdings
Withdrawn status Lost status Damaged status Not for loan Collection code Permanent Location Current Location Shelving location Date acquired Source of acquisition Cost, normal purchase price Total Checkouts Full call number Barcode Date last seen Price effective from Koha item type
          Central Library (CL) Central Library (CL) First Floor - Databases 11/07/2009 Donation 0.00   005.7585 ORA SEECS009818 11/14/2012 01/05/2017 Book
© 2023 Central Library, National University of Sciences and Technology. All Rights Reserved.